Historias de la picaresca /

Sparad:
Bibliografiska uppgifter
Huvudupphov: Fernán Gómez, Fernando (autor)
Materialtyp: Bok
Språk:spanska
Utgiven: México : Planeta, 1990, c1990
Serie:(Memoria de la Historia. Episodios)
Ämnen:
Taggar: Lägg till en tagg
Inga taggar, Lägg till första taggen!

MARC

LEADER 00000nam^a2200000^a^4500
001 000320341
005 20250521000000.0
009 20260310113509.866
020 |a 968-406-219-2 
025 |a Donación Alvaro Gómez Saborío, 1 ejemplar 
037 |a Acervo ITESO - Biblioteca 
041 |a ESP 
082 |a 809. 39355  |b FER 
100 |a Fernán Gómez, Fernando  |e (autor) 
245 1 0 |a Historias de la picaresca /  |c F. Fernán-Gómez. 
264 4 |a México :  |b Planeta,  |c 1990, c1990 
300 |a 205 p. 
336 |a texto  |b txt  |2 rdacontenido 
337 |a sin mediación  |b n  |2 rdamedio 
338 |a volumen  |b nc  |2 rdasoporte 
440 1 |a (Memoria de la Historia.  |p Episodios) 
586 |a Premio Príncipe de Asturias de las Artes 1995 
649 |a XX 
650 |a Delincuentes en la Literatura -  |x Historia y Crítica 
650 |a Personajes Históricos en la Literatura -  |x Historia y Crítica 
650 |a Personajes Literarios -  |x Historia y Crítica 
650 |a Personajes de Ficción en la Literatura -  |x Historia y Crítica 
650 |a Anécdotas -  |x Historia -  |x Tema Principal 
650 |a Mitología -  |x Historia y Crítica 
650 |a Literatura Picaresca -  |x Historia y Crítica -  |x Tema Principal 
650 |a Literatura -  |x Historia y Crítica 
650 |a Literatura y Sociedad 
910 |a Fondo General 
920 |a Impresos - Libros 
930 |a Colección General 
940 |a Literatura 
905 |a 101 
901 |a 0500207183  |b IT1  |c LIT  |i D  |u 20250521 
902 |a https://opac.biblio.iteso.mx/vufind/Record/000320341